000 00494nam a22001697a 4500
999 _c3698
_d3698
003 OSt
005 20181211145631.0
008 181116b ||||| |||| 00| 0 eng d
040 _cDLC
082 _aREF 409.2
_bR732R
100 _aThe National Lexicographic Board.
245 _aThe New American Roget's College Thesaurus in Dictionary Form;
_cAlbert H. Morehead.
260 _aNew York;
_bMentor and plume Books/
_cc1962.
300 _a414 p.:
650 _yDictionary Form
942 _2ddc
_cREF